00852nam a2200277 a 4500001001300000003000900013005001700022008004100039020002300080082001900103100001700122245008000139260004500219300000900264500003500273505001000308650001800318650002000336650001600356650002300372700001700395902000800412942000700420952013200427999001500559nice12345678IN_TiNIC20260116012323.0050524s1992 dela grp 000 0 eng  a8185618 c36000a306.60954bBAY aBayly, Susan aSaints Goddesses and Kingsb Muslims and Christians in South Indian Society aDelhibCambridge University Press c1992 a502p aincludes index and biblioraphy2 aIndex aMuslims-India aChristian-India aIslam-India aChristianity-India1 aBayly, Susan bSRS cBK 001040708StackRoom-aHMIbHMId2007-04-04g360.00l2o306.60954 BAYp014423r2022-09-06s2022-08-30v360.00w2005-05-24yBK c6545d6545